Estatutos de la Federación de Cooperativas Comunitarias de Producción Agropecuaria y de Servicios Múltiples R. L. (FECOPA)

Gespeichert in:
Bibliographische Detailangaben
Körperschaft: Federación de Cooperativas Comunitarias de Producción Agropecuaria y de Servicios Múltiples R. L.
Format: Text
Sprache:Spanish
Veröffentlicht: Heredia: UNA. Escuela de Planificación y Promoción Social
Tags: Tag hinzufügen
Keine Tags, Fügen Sie den ersten Tag hinzu!

MARC

LEADER 00000 a a2200000 04500
001 16646
003 cru CIDCACS/IIS
005 20231207093110.0
008 231206b |||||||| |||| 00| 0 spa d
040 |c cru CIDCACS/IIS 
090 |a 03.03.04 F291e 
110 |a Federación de Cooperativas Comunitarias de Producción Agropecuaria y de Servicios Múltiples R. L.  
245 |a Estatutos de la Federación de Cooperativas Comunitarias de Producción Agropecuaria y de Servicios Múltiples R. L. (FECOPA)  
260 |a Heredia:   |b UNA. Escuela de Planificación y Promoción Social  
300 |a 18 p  
942 |2 z  |c LITG  |h 03.03.04 F291e  |i 09126  |6 030304_F291E_09126 
999 |c 16271  |d 16271